000 00266nam a2200109Ia 4500
008 220204s9999 xx 000 0 und d
082 _a658
_bCAR
100 _aCarsberg, Bryan
245 0 _aEconomics of business decisions
260 _aUK
_bPenguin
_c1975
942 _cBK
999 _c24761
_d24761